| 000 | 01093nam a22002657a 4500 | ||
|---|---|---|---|
| 005 | 20170124103139.0 | ||
| 010 | _aB-075718 | ||
| 020 |
_c125.00 _a8187566043 |
||
| 035 | _aB-075718 | ||
| 037 | _bCen Lib/Ret | ||
| 040 |
_aDPL _bHN |
||
| 082 |
_a190 _bमिश्राम |
||
| 100 |
_aमिश्रा, ममता _985348 |
||
| 245 |
_aपाश्चात्य दर्शन / _cममता मिश्रा |
||
| 246 |
_aPashchatye darshan / _bby Mamta Mishra |
||
| 260 |
_aवाराणसी _bकला प्रकाशन _c2000 |
||
| 270 |
_aबी. 33/33 ए-1 न्यू साकेत कालोनी, नरिया _bवाराणसी _e221005 |
||
| 300 |
_a187पृ. _c21सेमी(सजिल्द) |
||
| 500 | _aअनुक्रमणिका शामिल | ||
| 650 |
_aप्राचीन दर्शन _985349 |
||
| 650 |
_aआधुनिक दर्शन _9779 |
||
| 650 |
_aAncient Philosophy _985350 |
||
| 650 |
_aModern Philosophy _985351 |
||
| 942 |
_2ddc _cHN _h190 _mमिश्राम |
||
| 999 |
_c119514 _d119514 |
||